[Event "COL-ch U10"]
[Site "Bogota"]
[Date "2011.06.03"]
[Round "7.2"]
[White "Munoz, Juan David"]
[Black "Ruiz Agudelo, Santiago"]
[Result "1/2-1/2"]
[WhiteElo "1886"]
[BlackElo "1826"]
[PlyCount "49"]
[EventDate "2011.05.31"]
[EventType "tourn"]
[EventRounds "9"]
[EventCountry "COL"]
[SourceTitle "EXT 2024"]
[Source "ChessBase"]
[SourceDate "2023.10.10"]
[SourceVersion "1"]
[SourceVersionDate "2023.10.10"]
[SourceQuality "1"]

1. e4 c5 2. Nf3 d6 3. d4 cxd4 4. Nxd4 Nf6 5. Nc3 g6 6. Be3 Bg7 7. Qd2 0-0 8. f3 Nc6 9. g4 Nxd4 10. Bxd4 Be6 11. 0-0-0 Rc8 12. a3 a6 13. h4 b5 14. h5 Qa5 15. Nd5 Qxd2+ 16. Rxd2 Bxd5 17. Bxf6 Bxf6 18. Rxd5 Rc5 19. Be2 Rfc8 20. Rxc5 Rxc5 21. hxg6 fxg6 22. f4 a5 23. Rd1 b4 24. axb4 axb4 25. Rd3 1/2-1/2